Catálogo
Digital

Catálogo
Digital

Derecho Constitucional y Administrativo (Record no. 14226)

MARC details
000 -CABECERA
campo de control de longitud fija 01640nam a2200301 4500
003 - IDENTIFICADOR DEL NÚMERO DE CONTROL
campo de control EC-UNACH
005 - FECHA Y HORA DE LA ÚLTIMA TRANSACCIÓN
campo de control 20251126150154.0
006 - CÓDIGOS DE INFORMACIÓN DE LONGITUD FIJA--CARACTERÍSTICAS DEL MATERIAL ADICIONAL
campo de control de longitud fija s||||gr|||| 00| 00
008 - DATOS DE LONGITUD FIJA--INFORMACIÓN GENERAL
campo de control de longitud fija 150116t9999 mx r gr 000 0 spa d
020 ## - NÚMERO INTERNACIONAL ESTÁNDAR DEL LIBRO
Número Internacional Estándar del Libro S/N
040 ## - FUENTE DE LA CATALOGACIÓN
Centro catalogador/agencia de origen EC-UNACH
Centro/agencia transcriptor EC-UNACH
041 ## - CÓDIGO DE LENGUA
Código de lengua del texto/banda sonora o título independiente spa
082 04 - NÚMERO DE LA CLASIFICACIÓN DECIMAL DEWEY
Número de edición 23
Número de clasificación 342.06
Número de documento/Ítem L018397
110 ## - ENTRADA PRINCIPAL--NOMBRE DE ENTIDAD CORPORATIVA
Nombre de entidad corporativa o nombre de jurisdicción como elemento de entrada Editora Multicolor
245 ## - MENCIÓN DE TÍTULO
Título Derecho Constitucional y Administrativo
250 ## - MENCIÓN DE EDICIÓN
Mención de edición Tomo 2
264 ## - Producción, publicación, distribución, fabricación y copyright
Lugar de producción, publicación, distribución, fabricación Ecuador
Nombre del de productor, editor, distribuidor, fabricante Editora Multicolor
Fecha de de producción, publicación, distribución, fabricación o copyright 2011
300 ## - DESCRIPCIÓN FÍSICA
Extensión 92
505 ## - NOTA DE CONTENIDO CON FORMATO
Nota de contenido con formato -Legítima defensa<br/>-El derecho de petición <br/>-Garantías constitucionales <br/>-La acción de lesividad<br/>-El buen vivir<br/>-Los derechos fundamentales en el estado social de derecho<br/>-El derecho de petición y su relación a los efectos del sindicato administrativo<br/>-Los jueces y la acción de protección<br/>-Autonomía o autarquía judicial confusiones constitucionales <br/>-La justicia indígena <br/>-La mediación, como medio alternativo de solución d conflictos <br/>-El derecho al silencio<br/>-El sistema nacional de víctimas, testigos y demás participantes en el proceso penal una garantía constitucional <br/>-Análisis del Art.437 de la constitución del Ecuador <br/>-Y el robo contravencional<br/>-Breves comentarios a la teoría neoconstitucionalista<br/>-Respuesta constitucional en acción de protección- Defectos de la administración de justicia de Chimborazo<br/>
650 ## - PUNTO DE ACCESO ADICIONAL DE MATERIA--TÉRMINO DE MATERIA
9 (RLIN) DERECHO DE PETICIÓN
650 ## - PUNTO DE ACCESO ADICIONAL DE MATERIA--TÉRMINO DE MATERIA
Término de materia o nombre geográfico como elemento inicial GARANTÍAS CONSTITUCIONALES
650 ## - PUNTO DE ACCESO ADICIONAL DE MATERIA--TÉRMINO DE MATERIA
Término de materia o nombre geográfico como elemento inicial DERECHO AL SILENCIO
700 ## - PUNTO DE ACCESO ADICIONAL--NOMBRE DE PERSONA
Nombre de persona Unach
942 ## - ELEMENTOS DE PUNTO DE ACCESO ADICIONAL (KOHA)
Fuente del sistema de clasificación o colocación Clasificación Decimal Dewey
Tipo de ítem Koha Libros
999 ## - NÚMEROS DE CONTROL DE SISTEMA (KOHA)
Koha biblionumber 14226
Holdings
Estado de pérdida Fuente del sistema de clasificación o colocación Estado dañado No para préstamo Localización permanente Ubicación/localización actual Ubicación en estantería Fecha de adquisición Fuente de adquisición Número de inventario Total de préstamos Signatura topográfica completa Código de barras Fecha visto por última vez Precio válido a partir de Tipo de ítem Koha Centro de costos
  Clasificación Decimal Dewey     Biblioteca Campus Norte Biblioteca Campus Norte Facultad de Ciencias Políticas y Administrativas - Generalidades 26/11/2025 Transitoria segunda Resolución N°0311-CU-UNACH-SE-ORD-16-09-24 39932742   342.06 UNA L018397 L018397 26/11/2025 26/11/2025 Libros  

Powered by Koha